Examples : the making of 40 photographs
Αποθηκεύτηκε σε:
| Κύριος συγγραφέας: | |
|---|---|
| Μορφή: | Βιβλίο |
| Γλώσσα: | English |
| Δημοσίευση: |
Boston :
Little, Brown,
2001, c1983
|
| Θέματα: | |
| Ετικέτες: |
Προσθήκη ετικέτας
Δεν υπάρχουν, Καταχωρήστε ετικέτα πρώτοι!
|
MARC
| LEADER | 00000nam a2200000 i 4500 | ||
|---|---|---|---|
| 001 | 1/33821 | ||
| 008 | 030304s2001 eng d | ||
| 020 | |a 0-8212-1551-5 (hbk) | ||
| 020 | |a 0-8212-1750-X (pbk) | ||
| 035 | |l 10069581 | ||
| 040 | |a GR-MY-UA |b gre |e aacr | ||
| 041 | 0 | |a eng | |
| 082 | 0 | |a 779.092 |2 (21) | |
| 100 | 1 | |a Adams, Ansel |d 1902- | |
| 245 | 1 | 0 | |a Examples : |b the making of 40 photographs / |c Ansel Abrams |
| 260 | |a Boston : |b Little, Brown, |c 2001, c1983 | ||
| 300 | |a x, 177 σ.; |b εικ.; |c 27 εκ. | ||
| 504 | |a Περιλαμβάνει βιβλιογραφίες. | ||
| 600 | 1 | 0 | |a Adams Ansel |d 1902- |
| 650 | 0 | 0 | |a Photography, Artistic. |
| 852 | |a INST |b SYROS |e 20030304 |h 779.092 ADA |p 005500002381 |q 005500002381 |t BK |y 0 | ||
| 901 | |a BIBL5-2003-1 | ||
| 909 | |a Ε |b 103335 | ||
| 922 | |a 5ΕΛΗ |b 200210 |c ΤΜΣΠΣ |d ΠΑΠΑΣΩΤΗΡΙΟΥ | ||
| 950 | |a 183-2002-10-19 | ||
| 970 | |a ΜΑΝΩΛΑΡΑΚΗ |b ΜΑΡΙΑ |z 2003/03/13 | ||